Grasshopper : (Registro nro. 64429)
[ vista simple ]
| 000 -LEADER | |
|---|---|
| fixed length control field | 01141cam a2200301 i 4500 |
| 001 - CONTROL NUMBER | |
| control field | 64429 |
| 003 - CONTROL NUMBER IDENTIFIER | |
| control field | Mx-PuUPA |
| 005 - DATE AND TIME OF LATEST TRANSACTION | |
| control field | 20241121094057.0 |
| 008 - FIXED-LENGTH DATA ELEMENTS--GENERAL INFORMATION | |
| fixed length control field | 160310s2017 enga fr 000 i eng d |
| 020 ## - INTERNATIONAL STANDARD BOOK NUMBER | |
| International Standard Book Number | 9780831136116 |
| 040 ## - CATALOGING SOURCE | |
| Original cataloging agency | Mx-PuUPA |
| Transcribing agency | Mx-PuUPA |
| Language of cataloging | spa |
| Modifying agency | Mx-PuUPA |
| Description conventions | rda |
| 041 0# - LANGUAGE CODE | |
| Language code of text/sound track or separate title | eng |
| 100 1# - MAIN ENTRY--PERSONAL NAME | |
| Personal name | Bachman, David, |
| Relator term | autor |
| 9 (RLIN) | 16461 |
| 245 10 - TITLE STATEMENT | |
| Title | Grasshopper : |
| Remainder of title | visual scripting for Rhinoceros 3D / |
| Statement of responsibility, etc. | David Bachman |
| 264 #1 - PRODUCTION, PUBLICATION, DISTRIBUTION, MANUFACTURE, AND COPYRIGHT NOTICE | |
| Place of production, publication, distribution, manufacture | South Norwalk, CT : |
| Name of producer, publisher, distributor, manufacturer | Industrial Press, |
| Date of production, publication, distribution, manufacture, or copyright notice | ©2017 |
| 300 ## - PHYSICAL DESCRIPTION | |
| Extent | ix, 277 páginas : |
| Other physical details | ilustraciones (en color) ; |
| Dimensions | 23 cm |
| 336 ## - CONTENT TYPE | |
| Content type term | texto |
| Content type code | txt |
| Fuente | rdacontent |
| 337 ## - MEDIA TYPE | |
| Source | rdamedia |
| Media type term | sin medio |
| Media type code | n |
| 338 ## - CARRIER TYPE | |
| Source | rdacarrier |
| Carrier type term | volumen |
| Carrier type code | nc |
| 650 #7 - SUBJECT ADDED ENTRY--TOPICAL TERM | |
| 9 (RLIN) | 13986 |
| Source of heading or term | armarc |
| Topical term or geographic name entry element | Rhino (Archivo de computadora) |
| 650 #7 - SUBJECT ADDED ENTRY--TOPICAL TERM | |
| Source of heading or term | armarc |
| Topical term or geographic name entry element | Diseño asistido por computadora |
| 650 #7 - SUBJECT ADDED ENTRY--TOPICAL TERM | |
| Source of heading or term | armarc |
| Topical term or geographic name entry element | Lenguajes de modelado (Computadoras) |
| 650 #7 - SUBJECT ADDED ENTRY--TOPICAL TERM | |
| Source of heading or term | armarc |
| Topical term or geographic name entry element | Programación visual (Ciencias de la computación) |
| 942 ## - ADDED ENTRY ELEMENTS (KOHA) | |
| Koha item type | Libro |
| Source of classification or shelving scheme | Dewey Decimal Classification |
| Classification part | 604.20285536 |
| Item part | B38 |
| Withdrawn status | Lost status | Source of classification or shelving scheme | Damaged status | Not for loan | Collection code | Home library | Current library | Shelving location | Date acquired | Source of acquisition | Cost, normal purchase price | Total Checkouts | Full call number | Barcode | Date last seen | Cost, replacement price | Price effective from | Koha item type | Copy number |
|---|---|---|---|---|---|---|---|---|---|---|---|---|---|---|---|---|---|---|---|
| Dewey Decimal Classification | General | Biblioteca Karol Wojtyla | Biblioteca Karol Wojtyla | Sala general | 13/11/2024 | 2 | 1627.50 | 604.20285536 B38 2017 | 105500 | 05/01/2026 | 1627.50 | 13/11/2024 | Libro | ||||||
| Dewey Decimal Classification | General | Biblioteca Karol Wojtyla | Biblioteca Karol Wojtyla | Sala general | 13/11/2024 | 2 | 1627.50 | 604.20285536 B38 2017 | 105501 | 05/01/2026 | 1627.50 | 13/11/2024 | Libro | Ej.2 |